Normal view
MARC view
- عبد النور، فرنسيس
Entry Personal Name
001 - CONTROL NUMBER
- control field: 34889
003 - CONTROL NUMBER IDENTIFIER
- control field: JO-AjAnu
005 - DATE AND TIME OF LATEST TRANSACTION
- control field: 20230606075835.0
008 - FIXED-LENGTH DATA ELEMENTS
- fixed length control field: 230606|| aca||aabn | a|a d
040 ## - CATALOGING SOURCE
- Original cataloging agency: JO-AjAnu
- Transcribing agency: JO-AjAnu
100 ## - HEADING--PERSONAL NAME
- Personal name: عبد النور، فرنسيس
670 ## - SOURCE DATA FOUND
- Source citation: Work cat.: (JO-AjAnu)17917: عبد النور، فرنسيس, author, التربية والمناهج